|
|
|
|
| LEADER |
00000Cam#a2200000#a#4500 |
| 001 |
021144 |
| 005 |
20160721155725.0 |
| 008 |
091005s2005||||ag d f#b #100|0#spa#d |
| 020 |
|
|
|a 9872234701
|
| 040 |
|
|
|a AR-BeUNQ
|
| 082 |
0 |
4 |
|a 306.45
|2 21
|
| 111 |
2 |
|
|a Foro Latinoamericano de Presidentes de Comités Parlamentarios de Ciecnia y Tecnología
|c Buenos Aires)
|d 2005 :
|n 1er :
|
| 245 |
0 |
0 |
|a Memorias del Primer Foro Latinoamericano de Presidentes de Comités Parlamentarios de Ciencia y Tecnología /
|c Guillermo A. Lemarchand (editor).
|
| 260 |
|
|
|a Buenos Aires :
|b H. Cámara de Diputados de la Nación,
|c 2005.
|
| 300 |
|
|
|a 352 p. :
|b gráficos ;
|c 22 cm.
|
| 504 |
|
|
|a Incluye referencias bibliográficas.
|
| 650 |
|
7 |
|a Ciencia
|2 spines
|
| 650 |
|
7 |
|a Tecnología
|2 spines
|
| 650 |
|
7 |
|a Investigación tecnológica
|2 spines
|
| 650 |
|
7 |
|a Política de C + T
|2 spines
|
| 929 |
|
|
|a DONACION
|b Proveniente de: Lab. de Cronobiología
|d 0,00
|e 20070307
|f PAT0018788
|g P48
|j 44174
|
| 942 |
|
|
|c LIB
|n 0
|
| 999 |
|
|
|c 20687
|d 96074
|